Obszary i mozliwosci wykorzystania marketingu

Salvato in:
Dettagli Bibliografici
Altri autori: Szulce, Halina
Natura: Libro
Lingua:polacco
Pubblicazione: Poznan Wydawnictwo Akademii Ekonomicznej w Poznaniu 2004
Serie:Zeszyty naukowe 34
Soggetti:
Tags: Aggiungi Tag
Nessun Tag, puoi essere il primo ad aggiungerne!!

MARC

LEADER 00000nam$a2200000$$$4500
001 0012902
005 20240104134533.1
020 |a 83-89224-61-5 
022 |a 1643-2168 
041 0 |a pol 
044 |a PL 
245 1 0 |a Obszary i mozliwosci wykorzystania marketingu  |c Redaktor naukowy: Halina Szulce 
264 1 |a Poznan  |b Wydawnictwo Akademii Ekonomicznej w Poznaniu  |c 2004 
300 |a 200 s. 
490 1 |a Zeszyty naukowe  |v 34 
830 0 |a Zeszyty naukowe  |v 34 
610 2 0 |a marketing 
610 2 0 |a rozvoj hospodársky 
610 2 0 |a firmy 
610 2 0 |a konkurencia 
610 2 0 |a obchod 
610 2 0 |a značky výrobné 
610 2 0 |a trh 
610 2 0 |a zákazníci 
610 2 0 |a riadenie podnikové 
610 2 0 |a kanály distribučné 
610 2 0 |a klienti 
610 2 0 |a obce 
610 2 0 |a Poľsko 
700 1 |a Szulce, Halina